LEADER 00878nam0 22002891i 450 001 990006140750403321 005 20101119190656.0 035 $a000614075 035 $aFED01000614075 035 $a(Aleph)000614075FED01 035 $a000614075 100 $a20000112g19499999km-y0itay50------ba 101 0 $aita 102 $aIT 105 $a--------00-yy 200 1 $aSocietą italiane per azioni$enotizie statistiche$fedizione XVII (1949)-... 210 $aRoma$cTipog. Failli$d1949- 215 $av.$d24 cm 676 $a338.74 710 02$aAssociazione fra le societą italiane per azioni$0111577 801 0$aIT$bUNINA$gRICA$2UNIMARC 901 $aBK 912 $a990006140750403321 951 $aXVI F 66BIS$bv.schedone$eBiblioteca Centrale della Facoltą di Giurisprudenza$fFGBC 959 $aFGBC 996 $aSocietą italiane per azioni$9642789 997 $aUNINA LEADER 01313nam 2200397 450 001 000004851 005 20050718115200.0 010 $a0-412-43450-4 100 $a--------d1998----km-y0itay0103----ba 101 0 $aeng 102 $aGB 200 1 $aPalaeoecology$eecosystems, environments and evolution$fPatrick J. Brenchley and David A.T. Harper 205 $a1. ed. 210 $aLondon ... [etc.]$cChapman and Hall$d1998 215 $aXXV, 402 p.$cill.$d25 cm. 606 $aPaleoecologia 676 $a560.45 700 1$aBrenchley,$bPatrick J.$0439415 701 1$aHarper,$bDavid A.T.$042291 801 0$aIT$bUniversitą della Basilicata - B.I.A.$gRICA$2unimarc 912 $a000004851 996 $aPalaeoecology$973175 997 $aUNIBAS BAS $aMONSCI BAS $aMONOGR BAS $aSCIENZE CAT $aMEDURI$b01$c20000630$lBAS01$h1140 CAT $c20000920$lBAS01$h1833 CAT $c20001010$lBAS01$h1636 CAT $c20050601$lBAS01$h1753 CAT $abatch$b01$c20050718$lBAS01$h1048 CAT $c20050718$lBAS01$h1107 CAT $c20050718$lBAS01$h1137 CAT $c20050718$lBAS01$h1152 FMT Z30 -1$lBAS01$LBAS01$mBOOK$1BASA2$APolo Tecnico-Scientifico$2DID$BDidattica$3PTS.s2.p16.11$9PTS/96299$696299$5T/S96299$820000630$f04$FPrestabile Didattica